000 00772nam a2200265Ia 4500
003 OSt
005 20220928121422.0
006 a|||||r|||| 00| 0
007 ta
008 220927b |||||||| |||| 00| 0 eng d
020 _c5681.46
024 _a127362
037 _b074, 10/11/2015, Classic Book Service
_cTextual
040 _aSDCL
_cSDCL
_beng
041 _2eng
_aeng
082 _aXM8:8, Q5
100 _aGaughan Patrick A.
_9452182
245 0 _aMergers, acquisition, and corporate restructurings
250 _a6th
260 _aHoboken
_bWiley
_c2015
300 _axii;670p.
_ccm.
650 _aFinancial Studies
942 _hXM8:8, Q5
_cTEXL
_2CC
999 _c766139
_d766139